[Event "Titled Tuesday intern op 01st Apr Late"]
[Site "Chess.com INT"]
[Date "2025.04.01"]
[Round "7"]
[White "Bressac, Stephane"]
[Black "Gluszko, Tomasz"]
[Result "1-0"]
[WhiteElo "2268"]
[BlackElo "2189"]
[PlyCount "61"]
[EventDate "2025.04.01"]
[EventType "swiss (blitz)"]
[EventRounds "11"]
[EventCountry "USA"]
[SourceTitle "CB15_2025"]
[SourceDate "2025.04.09"]
[SourceVersion "1"]
[SourceVersionDate "2025.04.09"]
[SourceQuality "1"]

1. e4 c5 2. Nf3 e6 3. g3 Nc6 4. Bg2 Nf6 5. d3 d5 6. Nbd2 Be7 7. 0-0 0-0 8. Re1 dxe4 9. dxe4 Qc7 10. c3 Rd8 11. Qe2 b6 12. e5 Nd5 13. h4 h6 14. Qe4 Bb7 15. Qg4 Kh7 16. Ne4 Rh8 17. a3 b5 18. Bf4 b4 19. c4 Nb6 20. b3 bxa3 21. Nf6+ gxf6 22. exf6 Rhg8 23. Ng5+ Rxg5 24. hxg5 Bd6 25. Be4+ Kh8 26. Qh5 Bf8 27. Bxc7 Rc8 28. Bxb6 axb6 29. g6 fxg6 30. Qxg6 Rc7 31. f7 1-0

[Event "Titled Tuesday intern op 01st Apr Early"]
[Site "Chess.com INT"]
[Date "2025.04.01"]
[Round "3"]
[White "Gluszko, Tomasz"]
[Black "Harper, Ryan"]
[Result "1-0"]
[WhiteElo "2189"]
[BlackElo "2101"]
[PlyCount "65"]
[EventDate "2025.04.01"]
[EventType "swiss (blitz)"]
[EventRounds "11"]
[EventCountry "USA"]
[SourceTitle "CB15_2025"]
[SourceDate "2025.04.09"]
[SourceVersion "1"]
[SourceVersionDate "2025.04.09"]
[SourceQuality "1"]

1. d4 Nf6 2. Bg5 Ne4 3. h4 c5 4. d5 h6 5. Bf4 Qb6 6. Nd2 Qxb2 7. Nxe4 Qb4+ 8. c3 Qxe4 9. Qd2 Qa4 10. Nf3 d6 11. Rb1 a6 12. e3 g6 13. Bd3 Bg7 14. c4 Nd7 15. 0-0 0-0 16. e4 Kh7 17. Rfe1 Ne5 18. Nxe5 dxe5 19. Be3 Qd7 20. Bxc5 Re8 21. Be3 Bf6 22. Bxh6 Bxh4 23. c5 Rh8 24. Rb6 Kg8 25. Be2 Bf6 26. Be3 Kg7 27. Reb1 Qc7 28. f3 Rb8 29. a4 Bd7 30. a5 Rh7 31. Kf2 Bh4+ 32. Kf1 Bg3 33. Bg1 1-0

[Event "Titled Tuesday intern op 01st Apr Early"]
[Site "Chess.com INT"]
[Date "2025.04.01"]
[Round "11"]
[White "Gluszko, Tomasz"]
[Black "Montano Vicente, Guadalupe"]
[Result "1-0"]
[WhiteElo "2189"]
[BlackElo "1970"]
[PlyCount "91"]
[EventDate "2025.04.01"]
[EventType "swiss (blitz)"]
[EventRounds "11"]
[EventCountry "USA"]
[SourceTitle "CB15_2025"]
[SourceDate "2025.04.09"]
[SourceVersion "1"]
[SourceVersionDate "2025.04.09"]
[SourceQuality "1"]

1. d4 Nf6 2. Bg5 Ne4 3. h4 c5 4. d5 Qb6 5. Nd2 Nxd2 6. Bxd2 Qxb2 7. e4 Qe5 8. Bd3 a6 9. Nf3 Qc7 10. a4 d6 11. Bc3 Nd7 12. Qe2 Ne5 13. Nxe5 dxe5 14. Qh5 e6 15. Bxe5 Qa5+ 16. Kf1 exd5 17. exd5 Bd7 18. Rh3 Bxh3 19. gxh3 c4 20. Re1 Qxe1+ 21. Kxe1 cxd3 22. cxd3 Bb4+ 23. Kf1 0-0 24. Bxg7 Kxg7 25. Qg4+ Kh8 26. Qxb4 Rad8 27. Qd4+ f6 28. h5 Rf7 29. h6 Rdd7 30. d6 Kg8 31. a5 Kf8 32. f4 Ke8 33. f5 Kd8 34. Qd5 Kc8 35. Qe6 Kb8 36. Qe8+ Ka7 37. Qe6 Kb8 38. d4 Ka7 39. Kf2 Kb8 40. Kf3 Ka7 41. Ke4 Kb8 42. Kd5 Kc8 43. Kc5 Kb8 44. Qe8+ Ka7 45. Qe6 Kb8 46. Kb6 1-0

[Event "Titled Tuesday intern op 01st Apr Late"]
[Site "Chess.com INT"]
[Date "2025.04.01"]
[Round "8"]
[White "Gluszko, Tomasz"]
[Black "Salonen, Aku"]
[Result "0-1"]
[WhiteElo "2189"]
[BlackElo "2253"]
[PlyCount "80"]
[EventDate "2025.04.01"]
[EventType "swiss (blitz)"]
[EventRounds "11"]
[EventCountry "USA"]
[SourceTitle "CB21_2025"]
[SourceDate "2025.05.21"]
[SourceVersion "1"]
[SourceVersionDate "2025.05.21"]
[SourceQuality "1"]

1. d4 Nf6 2. Bg5 d5 3. Bxf6 exf6 4. g3 Bd6 5. Bg2 h5 6. h4 c6 7. e3 f5 8. Nd2 Nd7 9. c4 dxc4 10. Nxc4 Bb4+ 11. Nd2 Nf6 12. a3 Bd6 13. Ne2 0-0 14. 0-0 Qe7 15. Qc2 g6 16. b4 Be6 17. Rab1 Rfc8 18. Rfc1 a5 19. Qc3 axb4 20. axb4 Nd5 21. Bxd5 Bxd5 22. b5 Ra2 23. bxc6 Rxc6 24. Qd3 Rxd2 25. Qxd2 Qe4 26. Kf1 Qg2+ 27. Ke1 Qh1+ 28. Ng1 Qxg1+ 29. Ke2 Bc4+ 30. Rxc4 Qxb1 31. Rxc6 Qb5+ 32. Rc4 Qxc4+ 33. Kf3 Qd5+ 34. Ke2 b5 35. Qb2 b4 36. Qc2 b3 37. Qc8+ Kg7 38. Qc3 Qb5+ 39. Kd1 b2 40. d5+ Kh7 0-1

[Event "Titled Tuesday intern op 01st Apr Late"]
[Site "Chess.com INT"]
[Date "2025.04.01"]
[Round "11"]
[White "Yazici, Ugur Doga"]
[Black "Gluszko, Tomasz"]
[Result "0-1"]
[WhiteElo "2161"]
[BlackElo "2189"]
[PlyCount "64"]
[EventDate "2025.04.01"]
[EventType "swiss (blitz)"]
[EventRounds "11"]
[EventCountry "USA"]
[SourceTitle "CB21_2025"]
[SourceDate "2025.05.21"]
[SourceVersion "1"]
[SourceVersionDate "2025.05.21"]
[SourceQuality "1"]

1. e4 c5 2. Nf3 Nc6 3. Bb5 d6 4. 0-0 Bd7 5. Re1 Nf6 6. c3 a6 7. Bf1 e5 8. d4 Be7 9. Bg5 b5 10. a4 b4 11. d5 Na5 12. Nbd2 bxc3 13. bxc3 h6 14. Bxf6 Bxf6 15. g3 0-0 16. Qc2 Bg5 17. Nc4 Nxc4 18. Bxc4 Qa5 19. h4 Bf6 20. Reb1 Rfb8 21. Qd3 Rxb1+ 22. Rxb1 Qxa4 23. Rb7 Bg4 24. Nd2 Qd1+ 25. Kg2 h5 26. Nf1 Qc1 27. Rb6 Be7 28. Ne3 Bh3+ 29. Kf3 Qh1+ 30. Ke2 a5 31. Rb7 Bf8 32. Rb1 Qh2 0-1

[Event "Titled Tuesday intern op 18th Mar Late"]
[Site "Chess.com INT"]
[Date "2025.03.18"]
[Round "6"]
[White "Di Berardino, Diego Rafael"]
[Black "Gluszko, Tomasz"]
[Result "0-1"]
[WhiteElo "2457"]
[BlackElo "2189"]
[PlyCount "64"]
[EventDate "2025.03.18"]
[EventType "swiss (blitz)"]
[EventRounds "11"]
[EventCountry "USA"]
[SourceTitle "CB13_2025"]
[SourceDate "2025.03.26"]
[SourceVersion "1"]
[SourceVersionDate "2025.03.26"]
[SourceQuality "1"]

1. d4 Nf6 2. c4 g6 3. Nc3 d5 4. cxd5 Bg4 5. f3 Bc8 6. e4 Bg7 7. Be3 0-0 8. Qd2 c6 9. dxc6 Nxc6 10. d5 Ne5 11. 0-0-0 a6 12. Kb1 b5 13. Bd4 Nc4 14. Bxc4 bxc4 15. g4 Qc7 16. h4 Bd7 17. h5 Rfb8 18. hxg6 hxg6 19. Nge2 e5 20. dxe6 Bxe6 21. g5 Nh5 22. Bxg7 Kxg7 23. Nd5 Bxd5 24. exd5 Qe5 25. Qd4 Rxb2+ 26. Qxb2 Rb8 27. Qxb8 Qxb8+ 28. Kc2 Qe5 29. Nc3 Qf5+ 30. Kb2 Nf4 31. d6 Nd3+ 32. Rxd3 cxd3 0-1

[Event "Titled Tuesday intern op 18th Mar Late"]
[Site "Chess.com INT"]
[Date "2025.03.18"]
[Round "2"]
[White "Gluszko, Tomasz"]
[Black "Atanasov, Anthony"]
[Result "0-1"]
[WhiteElo "2189"]
[BlackElo "2423"]
[PlyCount "76"]
[EventDate "2025.03.18"]
[EventType "swiss (blitz)"]
[EventRounds "11"]
[EventCountry "USA"]
[SourceTitle "CB13_2025"]
[SourceDate "2025.03.26"]
[SourceVersion "1"]
[SourceVersionDate "2025.03.26"]
[SourceQuality "1"]

1. d4 e5 2. e4 Qe7 3. dxe5 Qxe5 4. Nd2 g6 5. Ngf3 Qa5 6. Bc4 Bg7 7. 0-0 Ne7 8. c3 0-0 9. h4 d6 10. Qc2 Nbc6 11. a4 Bg4 12. Nh2 Be6 13. Bxe6 fxe6 14. Qb3 d5 15. exd5 exd5 16. Ndf3 Qb6 17. Qxb6 axb6 18. Bg5 Nf5 19. Rfe1 Rfe8 20. g4 Nd6 21. Rxe8+ Rxe8 22. Rd1 Nc4 23. b3 Nb2 24. Rxd5 Bxc3 25. Rd7 Rc8 26. Bf4 Nb4 27. Rxc7 Rxc7 28. Bxc7 Nd5 29. Be5 Nd3 30. Nf1 Nxe5 31. Nxe5 Bxe5 32. Kg2 Kf7 33. Kf3 Ke6 34. Ke4 Bf4 35. f3 h6 36. b4 g5 37. hxg5 hxg5 38. b5 Nc3+ 0-1

[Event "Titled Tuesday intern op 18th Mar Late"]
[Site "Chess.com INT"]
[Date "2025.03.18"]
[Round "7"]
[White "Gluszko, Tomasz"]
[Black "Chen, Yidong"]
[Result "0-1"]
[WhiteElo "2189"]
[BlackElo "2060"]
[PlyCount "144"]
[EventDate "2025.03.18"]
[EventType "swiss (blitz)"]
[EventRounds "11"]
[EventCountry "USA"]
[SourceTitle "CB13_2025"]
[SourceDate "2025.03.26"]
[SourceVersion "1"]
[SourceVersionDate "2025.03.26"]
[SourceQuality "1"]

1. d4 Nf6 2. Bg5 g6 3. Bxf6 exf6 4. g3 Bg7 5. Bg2 d5 6. e3 0-0 7. Nd2 Re8 8. Ne2 f5 9. 0-0 c6 10. c4 Be6 11. Rc1 Nd7 12. cxd5 Bxd5 13. Bxd5 cxd5 14. Qb3 Nb6 15. Nf4 Bh6 16. Nf3 Bxf4 17. gxf4 Rc8 18. Rc5 Qd6 19. Rfc1 Nc4 20. Qxb7 Rb8 21. Qxa7 Rxb2 22. Rc7 Qf6 23. Ng5 Rf8 24. Qc5 Qa6 25. Nxh7 Re8 26. Nf6+ Qxf6 27. Qxd5 Nd2 28. Rc8 Rxc8 29. Rxc8+ Kg7 30. Qa8 Ne4 31. Rg8+ Kh7 32. Qf8 Rxa2 33. h4 Ra7 34. Qb8 Ra1+ 35. Kg2 Nd2 36. Qc8 Qd6 37. Rd8 Qe6 38. Rh8+ Kg7 39. Qf8+ Kf6 40. Qd8+ Qe7 41. Qxe7+ Kxe7 42. h5 gxh5 43. Rxh5 Kf6 44. Rh6+ Kg7 45. Rh5 Kg6 46. Rg5+ Kf6 47. Rh5 Ne4 48. Rh6+ Kg7 49. Rh5 Kg6 50. Rh2 Ra2 51. Kg1 Rd2 52. f3 Rd1+ 53. Kg2 Nc3 54. Kg3 Re1 55. Rg2 Kf6 56. Rc2 Rxe3 57. Kf2 Rd3 58. Rb2 Nd5 59. Rb6+ Nxb6 60. Ke2 Rxd4 61. Ke3 Rb4 62. Ke2 Ke6 63. Ke3 Kd5 64. Kf2 Rxf4 65. Kg3 Rb4 66. Kf2 Ke5 67. Kg3 f4+ 68. Kf2 Rb3 69. Kg2 Rb2+ 70. Kh3 Rf2 71. Kg4 Rxf3 72. Kh4 Kf5 0-1

[Event "Titled Tuesday intern op 18th Mar Late"]
[Site "Chess.com INT"]
[Date "2025.03.18"]
[Round "10"]
[White "Gluszko, Tomasz"]
[Black "Jodar Arias, Marlon"]
[Result "1-0"]
[WhiteElo "2189"]
[BlackElo "2195"]
[PlyCount "73"]
[EventDate "2025.03.18"]
[EventType "swiss (blitz)"]
[EventRounds "11"]
[EventCountry "USA"]
[SourceTitle "CB13_2025"]
[SourceDate "2025.03.26"]
[SourceVersion "1"]
[SourceVersionDate "2025.03.26"]
[SourceQuality "1"]

1. d4 Nf6 2. Bg5 Ne4 3. h4 h6 4. Bf4 d5 5. Nd2 Bf5 6. c3 e6 7. e3 Bd6 8. Bxd6 Qxd6 9. Nxe4 Bxe4 10. Qb3 Qb6 11. Nf3 Qxb3 12. axb3 Nd7 13. Nd2 Bh7 14. f3 0-0 15. e4 a6 16. Kf2 c5 17. exd5 exd5 18. dxc5 Nxc5 19. b4 Ne6 20. Nb3 Rfd8 21. g3 d4 22. Bh3 dxc3 23. bxc3 Nc7 24. Nc5 Rd2+ 25. Ke3 Rad8 26. Rac1 b6 27. Ne4 R8d3+ 28. Kf4 Nd5+ 29. Ke5 Re2 30. Rhd1 Rxd1 31. Rxd1 Bxe4 32. fxe4 Rxe4+ 33. Kxd5 Re3 34. Kc6 Rxc3+ 35. Kxb6 Rxg3 36. Bf5 Rf3 37. Rd8# 1-0

[Event "Titled Tuesday intern op 18th Mar Late"]
[Site "Chess.com INT"]
[Date "2025.03.18"]
[Round "4"]
[White "Gluszko, Tomasz"]
[Black "Tekeyev, Zaur"]
[Result "0-1"]
[WhiteElo "2189"]
[BlackElo "2412"]
[PlyCount "56"]
[EventDate "2025.03.18"]
[EventType "swiss (blitz)"]
[EventRounds "11"]
[EventCountry "USA"]
[SourceTitle "CB13_2025"]
[SourceDate "2025.03.26"]
[SourceVersion "1"]
[SourceVersionDate "2025.03.26"]
[SourceQuality "1"]

1. d4 d5 2. Nf3 Nf6 3. c4 c6 4. Nc3 dxc4 5. Ne5 b5 6. f3 e6 7. e4 Be7 8. Be3 0-0 9. Qd2 Bb7 10. Be2 a6 11. 0-0 Nbd7 12. Nxd7 Nxd7 13. Rfd1 Qc7 14. d5 cxd5 15. exd5 exd5 16. Nxd5 Bxd5 17. Qxd5 Bc5 18. Qxd7 Bxe3+ 19. Kh1 Qe5 20. Rab1 Bf4 21. Qd4 Bxh2 22. Qxe5 Bxe5 23. Rd7 Rfd8 24. Re7 Re8 25. Rxe8+ Rxe8 26. Bf1 Re6 27. a4 Rh6+ 28. Kg1 Bd4# 0-1

[Event "Titled Tuesday intern op 18th Mar Late"]
[Site "Chess.com INT"]
[Date "2025.03.18"]
[Round "11"]
[White "Jaskolka, Tomasz"]
[Black "Gluszko, Tomasz"]
[Result "1-0"]
[WhiteElo "2198"]
[BlackElo "2189"]
[PlyCount "59"]
[EventDate "2025.03.18"]
[EventType "swiss (blitz)"]
[EventRounds "11"]
[EventCountry "USA"]
[SourceTitle "CB13_2025"]
[SourceDate "2025.03.26"]
[SourceVersion "1"]
[SourceVersionDate "2025.03.26"]
[SourceQuality "1"]

1. d4 f5 2. Bg5 d6 3. Nc3 c6 4. e4 fxe4 5. Nxe4 Qb6 6. Nf3 g6 7. Bd3 Bg7 8. 0-0 Nf6 9. Bxf6 Bxf6 10. Nxf6+ exf6 11. Re1+ Kf7 12. Qe2 Qc7 13. h3 Na6 14. c3 Qd7 15. Qe3 Kg7 16. Qe7+ Qxe7 17. Rxe7+ Kh6 18. Rae1 Bf5 19. Bxf5 gxf5 20. R1e6 Rhf8 21. Rxb7 Rab8 22. Rxa7 Rb6 23. Ree7 Rh8 24. Rg7 Rxb2 25. Nh4 Rb5 26. c4 Ra5 27. c5 f4 28. Nf5+ Kh5 29. g4+ fxg3 30. fxg3 1-0

[Event "Titled Tuesday intern op 04th Jan"]
[Site "Chess.com INT"]
[Date "2022.01.04"]
[Round "3"]
[White "Manukian, Artak"]
[Black "Gluszko, Tomasz"]
[Result "1/2-1/2"]
[WhiteElo "2196"]
[BlackElo "2192"]
[PlyCount "105"]
[EventDate "2022.01.04"]
[EventType "swiss (blitz)"]
[EventRounds "11"]
[EventCountry "USA"]
[SourceTitle "EXT 2023"]
[Source "ChessBase"]
[SourceDate "2022.10.05"]
[SourceVersion "1"]
[SourceVersionDate "2022.10.05"]
[SourceQuality "1"]

1. e4 e6 2. d4 c5 3. d5 exd5 4. exd5 d6 5. c4 Nf6 6. Nc3 Be7 7. Bd3 0-0 8. Nf3 Re8 9. 0-0 Nbd7 10. h3 Nf8 11. Bf4 Ng6 12. Bh2 Bf8 13. Qc2 a6 14. a4 Rb8 15. Rfe1 Rxe1+ 16. Rxe1 Qa5 17. Ng5 Bd7 18. Nge4 Nxe4 19. Rxe4 b5 20. cxb5 axb5 21. Bxb5 Bf5 22. f3 Bxe4 23. fxe4 Qb4 24. b3 Be7 25. Bc4 Qa3 26. Qd1 Rb6 27. Nb5 Qb2 28. e5 Nxe5 29. Bxe5 Qxe5 30. Qg4 f5 31. Qh5 g6 32. Qd1 Rb8 33. a5 Ra8 34. Qd2 Bf6 35. Kf2 f4 36. Nc7 Qd4+ 37. Qxd4 Bxd4+ 38. Kf3 Rxa5 39. Kxf4 Ra1 40. g4 Rf1+ 41. Kg3 Re1 42. Ne6 Be5+ 43. Kg2 Rb1 44. h4 h6 45. h5 gxh5 46. gxh5 Kf7 47. Kf3 Kf6 48. Kg4 Rg1+ 49. Kh3 Rh1+ 50. Kg4 Rg1+ 51. Kh3 Kf5 52. Bd3+ Kf6 53. Bc4 1/2-1/2

[Event "Wch Blitz"]
[Site "Warsaw"]
[Date "2021.12.30"]
[Round "15"]
[White "Gluszko, Tomasz"]
[Black "Blanco Acevedo, Cristobal Jose"]
[Result "0-1"]
[WhiteElo "2192"]
[BlackElo "2304"]
[PlyCount "108"]
[EventDate "2021.12.29"]
[EventType "swiss (blitz)"]
[EventRounds "21"]
[EventCountry "POL"]
[SourceTitle "CBM 205 Extra"]
[Source "ChessBase"]
[SourceDate "2022.01.31"]
[SourceVersion "1"]
[SourceVersionDate "2022.01.31"]
[SourceQuality "1"]

1. e4 c5 2. Nf3 Nc6 3. Nc3 Nf6 4. Bb5 e5 5. 0-0 d6 6. h3 Be7 7. d3 h6 8. Nd2 0-0 9. a4 Be6 10. Nc4 Nd4 11. Ne3 Nxb5 12. axb5 Bd7 13. Nc4 Qe8 14. b6 a6 15. f4 Qd8 16. Qf3 Bc6 17. Be3 Kh8 18. fxe5 dxe5 19. Nxe5 Qxb6 20. Nxc6 Qxc6 21. Rf2 Rad8 22. Raf1 Qe6 23. Qf5 Qxf5 24. Rxf5 b6 25. Ra1 a5 26. Nb5 Kg8 27. Raf1 Rd7 28. b3 Ne8 29. g4 g6 30. R5f2 Bg5 31. Rf3 Kg7 32. Kg2 f6 33. Kg3 Bxe3 34. Rxe3 Nc7 35. Nc3 Re8 36. Ref3 Re6 37. h4 g5 38. hxg5 hxg5 39. Rh1 Ree7 40. Kf2 b5 41. Rfh3 Kf7 42. Rh8 b4 43. Na4 Ne6 44. R1h7+ Kg6 45. Rh6+ Kf7 46. R6h7+ Kg6 47. Nb6 Rxh7 48. Rg8+ Rdg7 49. Re8 Nf4 50. Rf8 Rh2+ 51. Kg1 Rgh7 52. Rg8+ Kf7 53. Rc8 Rg2+ 54. Kf1 Rh1# 0-1

[Event "Wch Blitz"]
[Site "Warsaw"]
[Date "2021.12.30"]
[Round "20"]
[White "Jakubowski, Krzysztof"]
[Black "Gluszko, Tomasz"]
[Result "1-0"]
[WhiteElo "2471"]
[BlackElo "2192"]
[PlyCount "83"]
[EventDate "2021.12.29"]
[EventType "swiss (blitz)"]
[EventRounds "21"]
[EventCountry "POL"]
[SourceTitle "CBM 205 Extra"]
[Source "ChessBase"]
[SourceDate "2022.01.31"]
[SourceVersion "1"]
[SourceVersionDate "2022.01.31"]
[SourceQuality "1"]

1. d4 Nf6 2. Nf3 g6 3. Bg5 Bg7 4. Nbd2 d5 5. e3 0-0 6. Be2 c5 7. c3 cxd4 8. cxd4 Nc6 9. 0-0 Bf5 10. Rc1 Rc8 11. Bf4 Qb6 12. Qb3 Ne4 13. Qxb6 axb6 14. a3 h6 15. h3 Rfd8 16. g4 Nxd2 17. Nxd2 Bd7 18. Nf3 g5 19. Bg3 e6 20. Rc3 Bf8 21. Rfc1 Be8 22. Ne5 f6 23. Nd3 Kf7 24. h4 Rd7 25. h5 Ra8 26. Kg2 Ra4 27. Bd1 Ra8 28. Be2 Be7 29. f4 Bd6 30. f5 Bxg3 31. fxe6+ Kxe6 32. Kxg3 f5 33. gxf5+ Kf6 34. Nf2 Re7 35. Rf1 Rd7 36. Ng4+ Kg7 37. f6+ Kh7 38. Ne5 Nxe5 39. dxe5 Bf7 40. Bg4 Rdd8 41. e6 d4 42. Rc7 1-0

[Event "Wch Blitz"]
[Site "Warsaw"]
[Date "2021.12.29"]
[Round "6"]
[White "Wieczorek, Oskar"]
[Black "Gluszko, Tomasz"]
[Result "1-0"]
[WhiteElo "2500"]
[BlackElo "2192"]
[PlyCount "135"]
[EventDate "2021.12.29"]
[EventType "swiss (blitz)"]
[EventRounds "21"]
[EventCountry "POL"]
[SourceTitle "CBM 205 Extra"]
[Source "ChessBase"]
[SourceDate "2022.01.31"]
[SourceVersion "1"]
[SourceVersionDate "2022.01.31"]
[SourceQuality "1"]

1. c4 Nf6 2. g3 g6 3. Bg2 Bg7 4. Nc3 0-0 5. e4 d6 6. Nge2 Nc6 7. 0-0 e5 8. d3 Nd4 9. Nxd4 exd4 10. Nd5 Nd7 11. Rb1 a5 12. Nf4 Nc5 13. h4 h5 14. b3 c6 15. Bb2 Bd7 16. Ne2 Ne6 17. f4 f5 18. exf5 gxf5 19. Kh2 Be8 20. Ng1 Bg6 21. Re1 Qf6 22. Nf3 a4 23. bxa4 Ra7 24. Qc2 Rfa8 25. Re2 c5 26. Rbe1 Nf8 27. Ng5 Rxa4 28. a3 R4a7 29. Re7 Kh8 30. Bd5 Rb8 31. Qe2 Raa8 32. Nf7+ Kh7 33. Ng5+ Kh8 34. Qf3 Re8 35. Nf7+ Bxf7 36. Rxf7 Qg6 37. Rfe7 Rxe7 38. Rxe7 Rb8 39. Bf7 Qg4 40. Bxh5 Qxf3 41. Bxf3 b5 42. Rb7 Rxb7 43. Bxb7 bxc4 44. dxc4 Ne6 45. Kg2 Kh7 46. a4 Nd8 47. Bd5 d3 48. Bxg7 d2 49. Bf3 Kxg7 50. a5 d5 51. a6 dxc4 52. a7 c3 53. a8Q c2 54. Qa7+ Nf7 55. Bd5 d1Q 56. Qxf7+ Kh6 57. Qf6+ Kh7 58. Qxf5+ Kh6 59. Qg5+ Kh7 60. Be4+ Kh8 61. Qh6+ Kg8 62. Qg6+ Kf8 63. Bxc2 Qe2+ 64. Kh3 Qf1+ 65. Kg4 Qe2+ 66. Kg5 Qf3 67. Qf6+ Ke8 68. Ba4+ 1-0

[Event "Titled Tuesday intern op 4th Aug 10am"]
[Site "Chess.com INT"]
[Date "2020.08.04"]
[Round "9"]
[White "Kahlert, Thomas"]
[Black "Gluszko, Tomasz"]
[Result "1-0"]
[WhiteElo "2155"]
[BlackElo "2165"]
[PlyCount "35"]
[EventDate "2020.08.04"]
[EventType "swiss (blitz)"]
[EventRounds "10"]
[EventCountry "USA"]
[SourceTitle "CBM 197 Extra"]
[Source "ChessBase"]
[SourceDate "2020.09.30"]
[SourceVersion "1"]
[SourceVersionDate "2020.09.30"]
[SourceQuality "1"]

1. c4 Nf6 2. Nc3 d5 3. cxd5 Nxd5 4. Nf3 g6 5. g3 Bg7 6. Bg2 0-0 7. 0-0 Nc6 8. d4 Nb6 9. d5 Na5 10. e4 c6 11. Qc2 cxd5 12. exd5 Bf5 13. Qe2 Nac4 14. Rd1 Bxc3 15. bxc3 Nxd5 16. Qxc4 e6 17. Bh6 Rc8 18. Qd4 1-0

[Event "Titled Tuesday intern op 4th Aug 10am"]
[Site "Chess.com INT"]
[Date "2020.08.04"]
[Round "10"]
[White "Nurmanova, Alua"]
[Black "Gluszko, Tomasz"]
[Result "1-0"]
[WhiteElo "2026"]
[BlackElo "2165"]
[PlyCount "80"]
[EventDate "2020.08.04"]
[EventType "swiss (blitz)"]
[EventRounds "10"]
[EventCountry "USA"]
[SourceTitle "CBM 197 Extra"]
[Source "ChessBase"]
[SourceDate "2020.09.30"]
[SourceVersion "1"]
[SourceVersionDate "2020.09.30"]
[SourceQuality "1"]

1. e4 c5 2. Nf3 e6 3. d4 cxd4 4. Nxd4 Nf6 5. Nc3 Nc6 6. g3 d5 7. Nxc6 bxc6 8. Bg2 Be7 9. 0-0 0-0 10. Kh1 a5 11. f4 a4 12. a3 Ba6 13. Re1 Bc4 14. Be3 Qa5 15. g4 Rfb8 16. g5 Nd7 17. exd5 cxd5 18. Bd4 Bf8 19. Qg4 Qc7 20. Rad1 Nc5 21. f5 exf5 22. Qxf5 Ne6 23. Be5 Bd6 24. Bxd6 Qxd6 25. Nxd5 Bxd5 26. Bxd5 Ra5 27. Bxe6 fxe6 28. Qxa5 Qc6+ 29. Kg1 Qf3 30. Rd8+ Kf7 31. Rf1 Qxf1+ 32. Kxf1 Rb7 33. Qc5 Rxb2 34. Rf8+ Kg6 35. Qe5 Rb1+ 36. Ke2 Rh1 37. Qxe6+ Kh5 38. Qf7+ Kh4 39. Qf4+ Kh5 40. Qf3+ Kg6 1-0

[Event "Titled Tuesday intern op 4th Aug 10am"]
[Site "Chess.com INT"]
[Date "2020.08.04"]
[Round "7"]
[White "Ogloblin, Nikolay"]
[Black "Gluszko, Tomasz"]
[Result "0-1"]
[WhiteElo "2346"]
[BlackElo "2165"]
[PlyCount "126"]
[EventDate "2020.08.04"]
[EventType "swiss (blitz)"]
[EventRounds "10"]
[EventCountry "USA"]
[SourceTitle "CBM 197 Extra"]
[Source "ChessBase"]
[SourceDate "2020.09.30"]
[SourceVersion "1"]
[SourceVersionDate "2020.09.30"]
[SourceQuality "1"]

1. d4 Nf6 2. Nf3 g6 3. e3 Bg7 4. Be2 0-0 5. 0-0 d5 6. b4 Bf5 7. Bb2 Nbd7 8. Nbd2 Ne4 9. c4 c6 10. a4 Ndf6 11. b5 Rc8 12. Rc1 dxc4 13. Nxc4 Nd5 14. Qb3 cxb5 15. axb5 Rc7 16. Nce5 Rxc1 17. Rxc1 Nb6 18. Ba3 Nd6 19. Bc5 Be6 20. Qa3 Qb8 21. h3 Rc8 22. Bxb6 axb6 23. Rxc8+ Qxc8 24. Qb2 Bd5 25. Nd3 Bc4 26. Nde5 Bxe2 27. Qxe2 Bxe5 28. Nxe5 f6 29. Qa2+ Kg7 30. Nf3 Qc4 31. Qa3 Qxb5 32. Kh2 Qe2 33. Kg1 Qa6 34. Qb2 b5 35. d5 Qa4 36. Nd4 Kf7 37. Qe2 Qc4 38. Qb2 Qxd5 39. f3 Qc4 40. Qa3 b4 41. Qa8 b3 42. Qh8 b2 43. Qxh7+ Ke8 44. Qxg6+ Kd7 45. Kh2 Qc1 46. Qg4+ Kc7 47. Ne6+ Kc6 48. Qa4+ b5 49. Nd4+ Kc5 50. Qa7+ Kb4 51. Qa2 b1Q 52. Qd5 Qc4 53. Nc6+ Ka3 54. Qg8 Qbb3 55. Qa8+ Qca4 56. Qb7 Qxe3 57. Nd4 Qexd4 58. Qxe7 Qe5+ 59. Qxe5 fxe5 60. Kg3 Qf4+ 61. Kf2 Ne4+ 62. Ke2 Qd2+ 63. Kf1 Qf2# 0-1

[Event "POL-ch blitz"]
[Site "Chorzow"]
[Date "2019.04.12"]
[Round "5"]
[White "Gluszko, Tomasz"]
[Black "Janik, Igor"]
[Result "0-1"]
[WhiteElo "2165"]
[BlackElo "2469"]
[PlyCount "75"]
[EventDate "2019.04.12"]
[EventType "swiss (blitz)"]
[EventRounds "15"]
[EventCountry "POL"]
[SourceTitle "CBM 189 Extra"]
[Source "ChessBase"]
[SourceDate "2019.05.31"]
[SourceVersion "1"]
[SourceVersionDate "2019.05.31"]
[SourceQuality "1"]

1. d4 Nf6 2. Nc3 d5 3. Bg5 Nbd7 4. f3 h6 5. Bxf6 Nxf6 6. e4 e6 7. e5 Nd7 8. f4 Bb4 9. Nf3 c5 10. a3 Bxc3+ 11. bxc3 Qa5 12. Qd2 Nb6 13. dxc5 Qxc5 14. Qd4 Qc7 15. a4 0-0 16. a5 Nd7 17. Bd3 Nc5 18. 0-0 Bd7 19. Rfb1 b6 20. axb6 axb6 21. Nd2 Rfc8 22. Rxa8 Rxa8 23. Nb3 Ra4 24. Qe3 Nxd3 25. cxd3 Qxc3 26. Nd2 d4 27. Ne4 Qc2 28. Qc1 Qxd3 29. Nf2 Qc3 30. Qd1 Rb4 31. Rc1 Qb3 32. Qd2 Rc4 33. Rd1 Ba4 34. Re1 Qc3 35. Qe2 Bc2 36. Rc1 d3 37. Qe3 d2 38. Rf1 0-1

[Event "POL-ch rapid"]
[Site "Zgierz"]
[Date "2017.01.08"]
[Round "8"]
[White "Jarocka, Liwia"]
[Black "Gluszko, Tomasz"]
[Result "0-1"]
[WhiteElo "1707"]
[BlackElo "2165"]
[PlyCount "98"]
[EventDate "2017.01.08"]
[EventType "swiss (rapid)"]
[EventRounds "9"]
[EventCountry "POL"]
[SourceTitle "CBM 176 Extra"]
[Source "ChessBase"]
[SourceDate "2017.03.02"]
[SourceVersion "1"]
[SourceVersionDate "2017.03.02"]
[SourceQuality "1"]

1. e4 c5 2. Nf3 Nc6 3. d4 cxd4 4. Nxd4 Nf6 5. Nc3 e6 6. Nxc6 bxc6 7. Bd3 d5 8. Qe2 Be7 9. 0-0 0-0 10. Bd2 a5 11. Rae1 Qb6 12. b3 Ba6 13. Bxa6 Qxa6 14. Qxa6 Rxa6 15. exd5 cxd5 16. Rc1 Rc8 17. Nb5 Ne4 18. Be3 Bc5 19. Bxc5 Rxc5 20. a4 Rac6 21. Nd4 Rc8 22. Rfd1 Nc3 23. Rd2 Na2 24. Rb1 Nb4 25. Rb2 e5 26. Nf5 Kf8 27. Ne3 Ke7 28. f3 Ke6 29. Kf1 f5 30. c4 d4 31. Nc2 Nc6 32. Ne1 e4 33. Re2 Re5 34. f4 Rc5 35. Nd3 Kd6 36. Nxc5 Kxc5 37. g3 d3 38. Re1 Kd4 39. Kf2 Nb4 40. Rd2 Nc2 41. Rdd1 e3+ 42. Kf3 Nxe1+ 43. Rxe1 e2 44. Rb1 Kc3 45. Rc1+ Kd2 46. Ra1 e1Q 47. Rxe1 Kxe1 48. Ke3 d2 49. c5 d1Q 0-1